<?xml version="1.0" encoding="UTF-8"?>
<record
    xmlns:xsi="http://www.w3.org/2001/XMLSchema-instance"
    xsi:schemaLocation="http://www.loc.gov/MARC21/slim http://www.loc.gov/standards/marcxml/schema/MARC21slim.xsd"
    xmlns="http://www.loc.gov/MARC21/slim">

  <leader>01101nam a2200265 c 4500</leader>
  <datafield tag="999" ind1=" " ind2=" ">
    <subfield code="c">7706</subfield>
    <subfield code="d">7706</subfield>
  </datafield>
  <controlfield tag="001">a7040518</controlfield>
  <controlfield tag="003">OSt</controlfield>
  <controlfield tag="005">20230405122036.0</controlfield>
  <controlfield tag="008">220203s2021    sp a   | |||| 000 0 spa  </controlfield>
  <datafield tag="017" ind1=" " ind2=" ">
    <subfield code="a">BU 289-2021</subfield>
    <subfield code="b">Oficina Dep&#xF3;sito Legal Burgos</subfield>
  </datafield>
  <datafield tag="020" ind1=" " ind2=" ">
    <subfield code="a">9788492973538</subfield>
  </datafield>
  <datafield tag="040" ind1=" " ind2=" ">
    <subfield code="a">SpMaBN</subfield>
    <subfield code="b">spa</subfield>
    <subfield code="c">SpMaBN</subfield>
    <subfield code="e">rda</subfield>
  </datafield>
  <datafield tag="080" ind1=" " ind2=" ">
    <subfield code="a">7 Ferrer, Rai (083.824)</subfield>
  </datafield>
  <datafield tag="100" ind1=" " ind2=" ">
    <subfield code="a">Ferrer, Rai</subfield>
    <subfield code="9">4732</subfield>
  </datafield>
  <datafield tag="245" ind1="1" ind2="0">
    <subfield code="a">Rai Ferrer (Onomatopeya) :</subfield>
    <subfield code="b">pasi&#xF3;n por la imagen y la palabra</subfield>
    <subfield code="c">/ [comisaria, Marie-Claire Uberquoi ; textos, Juan Manuel Bonet [et al.]]</subfield>
  </datafield>
  <datafield tag="264" ind1=" " ind2="1">
    <subfield code="a">[Burgos] : </subfield>
    <subfield code="b">Instituto Municipal de Cultura y Turismo del Ayuntamiento de Burgos,</subfield>
    <subfield code="c">[2021]</subfield>
  </datafield>
  <datafield tag="300" ind1=" " ind2=" ">
    <subfield code="a">167 p&#xE0;gines, </subfield>
    <subfield code="b">principalment il&#xB7;lustrat ; </subfield>
    <subfield code="c">21 x 21 cm</subfield>
  </datafield>
  <datafield tag="505" ind1=" " ind2=" ">
    <subfield code="a">Exposici&#xF3;: sala d'exposicions del Arco de Santa Mar&#xED;a, Burgos, del 22 d'octubre al 28 de novembre de 2021</subfield>
  </datafield>
  <datafield tag="600" ind1="1" ind2="7">
    <subfield code="a">Ferrer, Rai</subfield>
    <subfield code="d">(1942-2017)</subfield>
    <subfield code="v">Exposicions</subfield>
  </datafield>
  <datafield tag="650" ind1=" " ind2="0">
    <subfield code="9">3883</subfield>
    <subfield code="a">C&#xF2;mics</subfield>
    <subfield code="z">Espanya</subfield>
    <subfield code="v">Exposicions</subfield>
  </datafield>
  <datafield tag="650" ind1=" " ind2="0">
    <subfield code="9">3084</subfield>
    <subfield code="a">Humorisme gr&#xE0;fic</subfield>
    <subfield code="z">Espanya</subfield>
    <subfield code="v">Exposicions</subfield>
  </datafield>
  <datafield tag="700" ind1="1" ind2=" ">
    <subfield code="a">Uberquoi, Marie-Claire</subfield>
  </datafield>
  <datafield tag="700" ind1="1" ind2=" ">
    <subfield code="a">Bonet, Juan Manuel</subfield>
  </datafield>
  <datafield tag="942" ind1=" " ind2=" ">
    <subfield code="2">udc</subfield>
    <subfield code="c">MON</subfield>
  </datafield>
  <datafield tag="952" ind1=" " ind2=" ">
    <subfield code="0">0</subfield>
    <subfield code="1">0</subfield>
    <subfield code="4">0</subfield>
    <subfield code="7">1</subfield>
    <subfield code="a">CDMR</subfield>
    <subfield code="b">CDMR</subfield>
    <subfield code="d">2023-04-05</subfield>
    <subfield code="e">Donaci&#xF3;</subfield>
    <subfield code="l">0</subfield>
    <subfield code="o">Di /50</subfield>
    <subfield code="p">CDMR23010004</subfield>
    <subfield code="r">2023-04-05</subfield>
    <subfield code="w">2023-04-05</subfield>
    <subfield code="y">MON</subfield>
  </datafield>
</record>
